| Tag |
First Indicator |
Second Indicator |
Subfields |
| LEADER |
00000cam a2200000ua 4500 |
| 001 |
in00001296613 |
| 005 |
20151004084803.0 |
| 008 |
960520s1995 mauab b 100 0 eng d |
| 035 |
|
|
|a (OCoLC)35077412
|
| 035 |
|
|
|9 AGZ3106AM
|
| 040 |
|
|
|a PLL
|c PLL
|d TXA
|d UtOrBLW
|
| 043 |
|
|
|a n-us---
|
| 049 |
|
|
|a TXAM
|
| 050 |
1 |
4 |
|a HT384.U5
|b A47 1995
|
| 245 |
0 |
0 |
|a Alternatives to sprawl /
|c [edited by] Dwight Young.
|
| 264 |
|
1 |
|a Cambridge, Mass. :
|b Lincoln Institute of Land Policy,
|c [1995]
|
| 264 |
|
4 |
|c ©1995
|
| 300 |
|
|
|a 32 pages :
|b illustrations ;
|c 21 x 30 cm.
|
| 336 |
|
|
|a text
|b txt
|2 rdacontent
|
| 337 |
|
|
|a unmediated
|b n
|2 rdamedia
|
| 338 |
|
|
|a volume
|b nc
|2 rdacarrier
|
| 500 |
|
|
|a Cover title.
|
| 500 |
|
|
|a Report of a conference cosponsored by the Lincoln Institute of Land Policy, the Brookings Institution, and the National Trust for Historic Preservation, held March 22, 1995, at the Brookings Institution in Washington, D.C.
|
| 504 |
|
|
|a Includes bibliographical references (pages 30-31).
|
| 650 |
|
0 |
|a Cities and towns
|z United States
|x Growth
|x Congresses.
|
| 650 |
|
0 |
|a City planning
|z United States
|v Congresses.
|
| 711 |
2 |
|
|a Alternatives to Sprawl Conference
|d (1995 :
|c Washington, D.C.)
|
| 700 |
1 |
|
|a Young, Dwight.
|
| 710 |
2 |
|
|a Lincoln Institute of Land Policy.
|
| 710 |
2 |
|
|a Brookings Institution.
|
| 710 |
2 |
|
|a National Trust for Historic Preservation in the United States.
|
| 999 |
|
|
|a MARS
|
| 999 |
f |
f |
|s 90995843-251b-37a8-8a0d-aeb9d8475ad6
|i a3a54532-a3fe-3d5d-8fab-5c17aef1822b
|t 0
|
| 952 |
f |
f |
|p ric
|a Texas A&M University
|b Rellis Campus
|c Joint Library Facility
|d Remote Storage
|t 0
|e HT384.U5 A47 1995
|h Library of Congress classification
|i unmediated -- volume
|m A14820186988
|
| 998 |
f |
f |
|a HT384.U5 A47 1995
|t 0
|l Remote Storage
|